000 00551cam a2200241 4500
008 010823n2001 000 0 eng u
020 _a0754510891
035 _a(Sirsi) u114310
050 _a346.41059
100 _aThurston, J.
245 2 _aA practitioner's guide to trusts
250 _a3rd ed.
260 _aCroydon
_bTolley
_c2001
300 _axxxv,266p.
_c26cm.
350 _a46.45
650 _aDUTIES
650 _aPOWERS
650 _aTRUSTEES
650 _aTRUST DEEDS
650 _aTRUSTS
690 _aLAW
942 _n0
999 _c101611
_d101611